000 00319nam a2200145Ia 4500
100 _aBoyet/ Howard
942 _cBK
654 _acomputer
245 _aThe 8085 /SDK-85{HANDS ON VOL 2}
260 _bMIT Publications
_aU.S.A
_c1982
082 _a621.381953
_bBOY
300 _a814
546 _aENGLISH
999 _c35385
_d35385